<?xml version="1.0" encoding="UTF-8"?>
<record
    xmlns:xsi="http://www.w3.org/2001/XMLSchema-instance"
    xsi:schemaLocation="http://www.loc.gov/MARC21/slim http://www.loc.gov/standards/marcxml/schema/MARC21slim.xsd"
    xmlns="http://www.loc.gov/MARC21/slim">

  <leader>04098nam a2200349 a 4500</leader>
  <controlfield tag="003">OSt</controlfield>
  <controlfield tag="005">20250815140336.0</controlfield>
  <controlfield tag="007">cr ||||||a|a|a</controlfield>
  <controlfield tag="008">250807s2025    mx a|||fom||| 001 0 spa d</controlfield>
  <datafield tag="040" ind1=" " ind2=" ">
    <subfield code="e">rda</subfield>
  </datafield>
  <datafield tag="100" ind1="1" ind2=" ">
    <subfield code="a">&#xC1;vila Cruz, Sara&#xED;</subfield>
    <subfield code="9">190831</subfield>
  </datafield>
  <datafield tag="245" ind1="1" ind2="0">
    <subfield code="a">Efecto de la adici&#xF3;n de curcumina sobre producci&#xF3;n de leche y consumo de vacas en pastoreo /</subfield>
    <subfield code="c">por Sara&#xED; Avila Cruz; director de tesis Citlali Anais Castro Jaime; secretario Rodolfo Ram&#xED;rez Valverde; vocal Luis Alberto Miranda Romero; suplente Jorge Luis Castrj&#xF3;n Montelongo; suplente Mar&#xED;a Magdalena Crosboy Galv&#xE1;n. </subfield>
  </datafield>
  <datafield tag="264" ind1=" " ind2="1">
    <subfield code="a">Chapingo, M&#xE9;xico :</subfield>
    <subfield code="b">El autor,</subfield>
    <subfield code="c">2024.</subfield>
  </datafield>
  <datafield tag="300" ind1=" " ind2=" ">
    <subfield code="a">1 recurso en l&#xED;nea (45p&#xE1;ginas):</subfield>
    <subfield code="b">cuadros, figuras.</subfield>
  </datafield>
  <datafield tag="336" ind1=" " ind2=" ">
    <subfield code="2">rdacontent</subfield>
    <subfield code="a">texto</subfield>
    <subfield code="b">txt</subfield>
  </datafield>
  <datafield tag="337" ind1=" " ind2=" ">
    <subfield code="2">rdamedia</subfield>
    <subfield code="a">computadora</subfield>
    <subfield code="b">c</subfield>
  </datafield>
  <datafield tag="338" ind1=" " ind2=" ">
    <subfield code="2">rdacarrier</subfield>
    <subfield code="a">recurso en l&#xED;nea</subfield>
    <subfield code="b">cr</subfield>
  </datafield>
  <datafield tag="502" ind1=" " ind2=" ">
    <subfield code="b">IAEZ</subfield>
    <subfield code="c">Zootecn&#xED;a</subfield>
    <subfield code="d">2024.</subfield>
    <subfield code="g">LIC</subfield>
  </datafield>
  <datafield tag="504" ind1=" " ind2=" ">
    <subfield code="a">Incluye referencias bibliogr&#xE1;ficas: p&#xE1;ginas 27-37.</subfield>
  </datafield>
  <datafield tag="520" ind1=" " ind2=" ">
    <subfield code="a">El objetivo fue estimar el efecto de la adici&#xF3;n de curcumina como aditivo natural en la dieta de vacas lecheras en pastoreo, sobre el consumo de materia y producci&#xF3;n de leche individual. La curcumina posee diferentes atributos que han sido estudiados en la salud humana y en algunos sistemas de producci&#xF3;n animal; sin embargo, su empleo en la alimentaci&#xF3;n de bovinos no ha sido suficientemente estudiado. No obstante, es promisoria por su probable impacto sobre la producci&#xF3;n. Tomando en cuenta el resultado que impone el consumo de forraje sobre la productividad de los rumiantes en sistemas pastoriles, se consider&#xF3; necesario evaluar el efecto de la adici&#xF3;n de curcumina sobre las variables consumo y producci&#xF3;n individual. El estudio se realiz&#xF3; en el M&#xF3;dulo de Producci&#xF3;n de Leche en Pastoreo de la Universidad Aut&#xF3;noma Chapingo; se utiliz&#xF3; un dise&#xF1;o experimental cruzado 2x2 y se evaluaron dos tratamientos, con y sin la inclusi&#xF3;n de curcumina, administrada v&#xED;a oral con c&#xE1;psulas rellenas con el aditivo (0.224 g d-1 v-1). Las unidades experimentales fueron dos lotes de tres vacas Holstein Neozeland&#xE9;s homogenizados, y el pastoreo fue rotacional intensivo en praderas de Medicago sativa L. y Dactylis glomerata L.; la alimentaci&#xF3;n incluy&#xF3; ensilado de ma&#xED;z y el concentrado. El consumo total de materia seca de las vacas fue determinado por el m&#xE9;todo de producci&#xF3;n fecal con un marcador externo Cr2O3; as&#xED; mismo, tanto a las heces como a cada uno de los componentes de la dieta total se les determin&#xF3; cenizas &#xE1;cido-insolubles; las producciones de leche matutina y vespertina se midieron autom&#xE1;ticamente con medidores Alfa Laval&#xAE;. El an&#xE1;lisis estad&#xED;stico de los datos de consumo se realiz&#xF3; utilizando un modelo lineal mixto con efectos de lote, per&#xED;odo y tratamiento como efectos fijos, y como efecto aleatorio se incluy&#xF3; el efecto de los animales. El consumo de las vacas, estimado con marcadores, fue (21.3 &#xB1; 1.79) kg MS d&#xED;a-1 con curcumina y de (19.3 &#xB1; 1.79) kg MS d&#xED;a-1 sin curcumina. El an&#xE1;lisis de leche se realiz&#xF3; utilizando un modelo lineal mixto con tratamiento, per&#xED;odo y lote como efectos fijos, y como efectos aleatorios fueron vaca dentro de lote y d&#xED;a dentro del per&#xED;odo. La producci&#xF3;n diaria de leche fue de (19 &#xB1; 1.3) L d-1 sin curcumina y de (18.9 &#xB1; 1.3) L d-1 con curcumina. El nivel de suplemento no afect&#xF3; la producci&#xF3;n de leche (p=0.8411) ni el consumo de forraje (p=0.5351).</subfield>
  </datafield>
  <datafield tag="650" ind1=" " ind2="4">
    <subfield code="a">Ganado lechero</subfield>
    <subfield code="x">Nutrici&#xF3;n</subfield>
    <subfield code="x">Suplementos</subfield>
    <subfield code="9">191047</subfield>
  </datafield>
  <datafield tag="650" ind1=" " ind2="4">
    <subfield code="a">Ganado lechero</subfield>
    <subfield code="x">Alimentaci&#xF3;n</subfield>
    <subfield code="9">45238</subfield>
  </datafield>
  <datafield tag="650" ind1=" " ind2="4">
    <subfield code="a">Leche</subfield>
    <subfield code="x">Producci&#xF3;n</subfield>
    <subfield code="9">65400</subfield>
  </datafield>
  <datafield tag="650" ind1=" " ind2="4">
    <subfield code="a">Leche</subfield>
    <subfield code="x">Composici&#xF3;n</subfield>
    <subfield code="9">65363</subfield>
  </datafield>
  <datafield tag="700" ind1="1" ind2=" ">
    <subfield code="a">Castro Jaime, Citlali Anais</subfield>
    <subfield code="9">188843</subfield>
    <subfield code="4">presidente.</subfield>
  </datafield>
  <datafield tag="700" ind1="1" ind2=" ">
    <subfield code="a">Ram&#xED;rez Valverde, Rodolfo</subfield>
    <subfield code="9">94316</subfield>
    <subfield code="e">secretario.</subfield>
  </datafield>
  <datafield tag="700" ind1="1" ind2=" ">
    <subfield code="a">Miranda Romero, Luis Alberto</subfield>
    <subfield code="9">76103</subfield>
    <subfield code="e">vocal.</subfield>
  </datafield>
  <datafield tag="700" ind1="1" ind2=" ">
    <subfield code="a">Castrell&#xF3;n Montelongo, Jorge Luis</subfield>
    <subfield code="9">20309</subfield>
    <subfield code="e">suplente.</subfield>
  </datafield>
  <datafield tag="700" ind1="1" ind2=" ">
    <subfield code="a"> Crosby Galv&#xE1;n, Mar&#xED;a Magdalena</subfield>
    <subfield code="e">suplente.</subfield>
    <subfield code="9">146634</subfield>
  </datafield>
  <datafield tag="856" ind1=" " ind2=" ">
    <subfield code="u">http://10.13.5.2/tesis/tl/1610165-2_AVILA_CRUZ_SARAI.pdf</subfield>
    <subfield code="z">DESCARGAR PDF</subfield>
  </datafield>
  <datafield tag="942" ind1=" " ind2=" ">
    <subfield code="2">Clasificaci&#xF3;n Universidad Aut&#xF3;noma Chapingo</subfield>
    <subfield code="c">TD</subfield>
  </datafield>
  <datafield tag="999" ind1=" " ind2=" ">
    <subfield code="c">220784</subfield>
    <subfield code="d">220784</subfield>
  </datafield>
  <datafield tag="952" ind1=" " ind2=" ">
    <subfield code="0">0</subfield>
    <subfield code="1">0</subfield>
    <subfield code="2">local</subfield>
    <subfield code="4">0</subfield>
    <subfield code="5">1</subfield>
    <subfield code="7">0</subfield>
    <subfield code="8">TesDigL</subfield>
    <subfield code="a">BD</subfield>
    <subfield code="b">BD</subfield>
    <subfield code="c">E_L</subfield>
    <subfield code="d">2025-08-07</subfield>
    <subfield code="l">0</subfield>
    <subfield code="o">Tesis digital</subfield>
    <subfield code="r">2025-08-07 15:28:28</subfield>
    <subfield code="w">2025-08-07</subfield>
    <subfield code="y">TD</subfield>
  </datafield>
</record>
